000 00454cam a2200169ua 4500
041 _aeng
_h
082 _a028.71624
_bRAM/SO
100 _aRamaih, B K .
245 _aSoil mechanics and foundation engineering /
_cB K Ramaih.
_hTextual Documents
250 _a1 /
_b.
260 _aNew Delhi :
_bOxford & IBH Publishing company ,
_c1981.
300 _a672 ; .
504 _a
700 1 _aChickanagappa, L S .
942 _cBK
999 _c7097
_d7097